Health psychology / (Record no. 66116)
[ view plain ]
| 000 -LEADER | |
|---|---|
| fixed length control field | 00925nam a22002777a 4500 |
| 005 - DATE AND TIME OF LATEST TRANSACTION | |
| control field | 20220728155133.0 |
| 010 ## - LCCN (DPL NO) | |
| LC control number | ENG-105203 B-489240-252 |
| 020 ## - INTERNATIONAL STANDARD BOOK NUMBER | |
| International Standard Book Number | 9781259005619 |
| Terms of availability | 525.00 |
| 020 ## - INTERNATIONAL STANDARD BOOK NUMBER | |
| International Standard Book Number | 1259005615 |
| Terms of availability | 525.00 |
| 035 ## - SYSTEM CONTROL NUMBER | |
| System control number | EN-88736 B-489240-252 |
| 037 ## - SOURCE OF ACQUISITION | |
| Source of stock number/acquisition | DBAD/PUB |
| 037 ## - SOURCE OF ACQUISITION | |
| Source of stock number/acquisition | KBD/Ven |
| 082 ## - DEWEY DECIMAL CLASSIFICATION NUMBER | |
| Classification number | 616.0019 |
| 100 ## - MAIN ENTRY--PERSONAL NAME | |
| Personal name | Taylor, Shelley E. |
| 245 ## - TITLE STATEMENT | |
| Title | Health psychology / |
| Statement of responsibility, etc | by Shelley E. Taylor. |
| 250 ## - EDITION STATEMENT | |
| Edition statement | 7th ed |
| 260 ## - PUBLICATION, DISTRIBUTION, ETC. (IMPRINT) | |
| Place of publication, distribution, etc | New Delhi |
| Name of publisher, distributor, etc | Tata McGraw Hill |
| Date of publication, distribution, etc | 2012 |
| 270 ## - ADDRESS | |
| Address | 7, West Patel Nagar |
| City | New Delhi |
| Postal code | 110008 |
| 300 ## - PHYSICAL DESCRIPTION | |
| Extent | xvi,552p. : |
| Dimensions | 26cm(pbk) |
| Other physical details | ill. |
| 500 ## - GENERAL NOTE | |
| General note | Includes bibliographical references and index |
| 650 ## - SUBJECT ADDED ENTRY--TOPICAL TERM | |
| Topical term or geographic name as entry element | Clinical health psychology. |
| 650 ## - SUBJECT ADDED ENTRY--TOPICAL TERM | |
| Topical term or geographic name as entry element | Medicine, Psychosomatic |
| 650 ## - SUBJECT ADDED ENTRY--TOPICAL TERM | |
| Topical term or geographic name as entry element | PSYCHOLOGY / General |
| 942 ## - ADDED ENTRY ELEMENTS (KOHA) | |
| Source of classification or shelving scheme | Dewey Decimal Classification |
| Item type | English Books |
| Classification part | 616.0019 |
| Call number suffix | TAY |
| Withdrawn status | Lost status | Not for loan | Collection code | Home library | Current library | Date acquired | Source of acquisition | Cost, normal purchase price | Full call number | Barcode | Copy number | Cost, replacement price | Koha item type |
|---|---|---|---|---|---|---|---|---|---|---|---|---|---|
| Non-fiction | Bawana | Bawana | 21/01/2013 | KBD/BL9/27.12.2012/121/27.12.2012/08.01.2012 | 525.00 | 616.0019 TAY | B-489248 | 1 | 525.00 | English Books | |||
| Non-fiction | Central Library | Central Library | 21/01/2013 | KBD/BL9/27.12.2012/121/27.12.2012/08.01.2012 | 525.00 | 616.0019 TAY | B-489240 | 1 | 525.00 | English Books | |||
| Not For Loan | Non-fiction | D.B.Act.Division | D.B.Act.Division | 03/05/2012 | DBAD/PUB | 525.00 | 616.0019 TAY | EN-88736 | 1 | 525.00 | English Books | ||
| Non-fiction | Janak Puri | Janak Puri | 21/01/2013 | KBD/BL9/27.12.2012/121/27.12.2012/08.01.2012 | 525.00 | 616.0019 TAY | B-489246 | 1 | 525.00 | English Books | |||
| Non-fiction | Kasturba Gandhi Marg | Kasturba Gandhi Marg | 21/01/2013 | KBD/BL9/27.12.2012/121/27.12.2012/08.01.2012 | 525.00 | 616.0019 TAY | B-489244 | 1 | 525.00 | English Books | |||
| Non-fiction | Mobile Library | Mobile Library | 21/01/2013 | KBD/BL9/27.12.2012/121/27.12.2012/08.01.2012 | 525.00 | 616.0019 TAY | B-489241 | 2 | 525.00 | English Books | |||
| Non-fiction | Mobile Library | Mobile Library | 21/01/2013 | KBD/BL9/27.12.2012/121/27.12.2012/08.01.2012 | 525.00 | 616.0019 TAY | B-489242 | 2 | 525.00 | English Books | |||
| Non-fiction | Narela | Narela | 21/01/2013 | KBD/BL9/27.12.2012/121/27.12.2012/08.01.2012 | 525.00 | 616.0019 TAY | B-489250 | 1 | 525.00 | English Books | |||
| Non-fiction | New Rohtak Road | New Rohtak Road | 21/01/2013 | KBD/BL9/27.12.2012/121/27.12.2012/08.01.2012 | 525.00 | 616.0019 TAY | B-489249 | 1 | 525.00 | English Books | |||
| Non-fiction | Patel Nagar | Patel Nagar | 21/01/2013 | KBD/BL9/27.12.2012/121/27.12.2012/08.01.2012 | 525.00 | 616.0019 TAY | B-489243 | 1 | 525.00 | English Books | |||
| Non-fiction | Peshwa Road | Peshwa Road | 21/01/2013 | KBD/BL9/27.12.2012/121/27.12.2012/08.01.2012 | 525.00 | 616.0019 TAY | B-489245 | 1 | 525.00 | English Books | |||
| Lost and Paid For | Non-fiction | Sarojini Nagar | Sarojini Nagar | 21/01/2013 | KBD/BL9/27.12.2012/121/27.12.2012/08.01.2012 | 525.00 | 616.0019 TAY | B-489247 | 1 | 525.00 | English Books | ||
| Non-fiction | Shahdara Branch | Shahdara Branch | 21/01/2013 | KBD/BL9/27.12.2012/121/27.12.2012/08.01.2012 | 525.00 | 616.0019 TAY | B-489251 | 1 | 525.00 | English Books | |||
| Non-fiction | Yojana Vihar | Yojana Vihar | 21/01/2013 | KBD/BL9/27.12.2012/121/27.12.2012/08.01.2012 | 525.00 | 616.0019 TAY | B-489252 | 1 | 525.00 | English Books |
